000 00455nam a2200169Ia 4500
008 230917s9999||||xx |||||||||||||| ||und||
020 _cRS1895
040 _e244025
_aMAIN
041 _aEnglish
082 _a647.94 R137A
100 _aRajput, Rama Kant
245 0 _aAspects of hotel industry
260 _aNew Delhi
_bRandom Publications
_c2017
300 _aviii, 300 p.
500 _a2978 13/12/2017 RBP18/7129 22/12/2017 IHTM (SFS)
942 _cBK
999 _c25014
_d25014